Shmoby's Nintendo Challenge: First 400 games - Statistics

General Stats
  • This quiz has been taken 9 times
  • The average score is 118 of 400
Answer Stats
Hint Year Answer % Correct
Famicom / NES 1985 Super Mario Bros.
100%
Game & Watch: Crystal Screen 1986 Super Mario Bros.
100%
Game & Watch: New Wide Screen 1988 Super Mario Bros.
100%
Vs. System 1986 Vs. Super Mario Bros.
100%
Game & Watch: Silver 1980 Ball
88%
Famicom / NES 1983 Baseball
88%
Game Boy 1989 Baseball
88%
Arcade 1981 Donkey Kong
88%
Game & Watch: Multi-Screen 1982 Donkey Kong
88%
Famicom / NES 1983 Donkey Kong
88%
Game Boy 1994 Donkey Kong
88%
Super Famicom / SNES 1994 Donkey Kong Country
88%
Super Famicom / SNES 1994 Donkey Kong Country: Competition Cartridge
88%
Arcade 1982 Donkey Kong Jr.
88%
Game & Watch: New Wide Screen 1982 Donkey Kong Jr.
88%
Game & Watch: Tabletop 1983 Donkey Kong Jr.
88%
Famicom / NES 1983 Donkey Kong Jr.
88%
Famicom / NES 1984 Golf
88%
Game Boy 1989 Golf
88%
Famicom / NES 1985 Ice Climber
88%
Game & Watch: Multi-Screen 1983 Mario Bros.
88%
Arcade 1983 Mario Bros.
88%
Famicom / NES 1983 Mario Bros.
88%
Famicom / NES 1993 Mario Bros. (Classic Series)
88%
Famicom / NES 1988 Super Mario Bros. 3
88%
Super Famicom / SNES 1992 Super Mario Kart
88%
Super Famicom / SNES 1990 Super Mario World
88%
Game Boy 1989 Tetris
88%
Famicom / NES 1989 Tetris
88%
Vs. System 1984 Vs. Baseball
88%
Vs. System 1984 Vs. Golf
88%
Vs. System 1985 Vs. Ice Climber
88%
Famicom Disk System 1988 Vs. Ice Climber
88%
Famicom / NES 1991 Yoshi
88%
Game Boy 1991 Yoshi
88%
Game & Watch: Multi-Screen 1989 Zelda
88%
Famicom / NES 1987 Zelda II: The Adventure of Link
88%
Arcade 1983 Donkey Kong 3
75%
Famicom / NES 1984 Donkey Kong 3
75%
Game & Watch: Micro Vs. 1984 Donkey Kong 3
75%
Famicom / NES 1990 Dr. Mario
75%
Game Boy 1990 Dr. Mario
75%
Famicom / NES 1984 Duck Hunt
75%
Famicom / NES 1986 Kid Icarus
75%
Game Boy 1992 Kirby's Dream Land
75%
Famicom / NES 1986 Metroid
75%
Famicom / NES 1987 Mike Tyson's Punch-Out!!
75%
Arcade 1984 Punch-Out!!
75%
Game & Watch: Micro Vs. 1984 Punch-Out!!
75%
Famicom / NES 1990 Punch-Out!!
75%
Famicom / NES 1985 Soccer
75%
Famicom / NES 1988 Super Mario Bros. 2
75%
Famicom Disk System 1986 Super Mario Bros.: The Lost Levels
75%
Game Boy 1989 Super Mario Land
75%
Super Famicom / SNES 1994 Super Metroid
75%
Vs. System 1990 Vs. Dr. Mario
75%
Vs. System 1984 Vs. Duck Hunt
75%
Vs. System 1984 Vs. Pinball
75%
Vs. System 1985 Vs. Soccer
75%
PlayChoice-10 1987 Castlevania
63%
Game & Watch: Multi-Screen 1983 Donkey Kong II
63%
Super Famicom / SNES 1994 EarthBound
63%
Famicom / NES 1984 Excitebike
63%
Game & Watch: Silver 1980 Fire
63%
Game & Watch: Wide Screen 1981 Fire
63%
Famicom / NES 1988 Ice Hockey
63%
Famicom / NES 1993 Kirby's Adventure
63%
Game Boy 1991 Metroid II: Return of Samus
63%
Game & Watch: Multi-Screen 1983 Pinball
63%
Famicom / NES 1984 Pinball
63%
Game & Watch: Wide Screen 1981 Popeye
63%
Arcade 1982 Popeye
63%
Famicom / NES 1983 Popeye
63%
Game & Watch: Tabletop 1983 Popeye
63%
Super Famicom / SNES 1993 Star Fox
63%
Super Famicom / SNES 1993 Star Fox: Super Weekend
63%
Game Boy 1992 Super Mario Land 2: 6 Golden Coins
63%
Famicom / NES 1984 Tennis
63%
Game Boy 1989 Tennis
63%
Super Famicom / SNES 1991 The Legend of Zelda: A Link to the Past
63%
Game Boy 1993 The Legend of Zelda: Link's Awakening
63%
Vs. System 1987 Vs. Castlevania
63%
Vs. System 1984 Vs. Excitebike
63%
Famicom Disk System 1988 Vs. Excitebike
63%
Vs. System 1984 Vs. Tennis
63%
Famicom / NES 1985 Balloon Fight
50%
Game & Watch: Crystal Screen 1986 Balloon Fight
50%
Game & Watch: New Wide Screen 1988 Balloon Fight
50%
Game Boy 1990 Balloon Kid
50%
Famicom / NES 1984 Clu Clu Land
50%
Famicom / NES 1988 Double Dragon
50%
Game Boy 1990 Double Dragon
50%
Famicom / NES 1987 Final Fantasy
50%
Super Famicom / SNES 1990 F-Zero
50%
Famicom / NES 1985 Gyromite
50%
Famicom / NES 1984 Hogan's Alley
50%
Famicom / NES 1985 Mach Rider
50%
Super Famicom / SNES 1992 Mario Paint
50%
Famicom / NES 1989 MOTHER / EarthBound Beginnings
50%
Super Famicom / SNES 1990 Pilotwings
50%
Arcade 1984 Super Punch-Out!!
50%
Super Famicom / SNES 1994 Super Punch-Out!!
50%
Famicom / NES 1993 Tetris 2
50%
Game Boy 1993 Tetris 2
50%
Super Famicom / SNES 1994 Tetris 2
50%
Famicom / NES 1986 The Legend of Zelda
50%
PlayChoice-10 1987 Track and Field
50%
Famicom / NES 1986 Volleyball
50%
Vs. System 1984 Vs. Balloon Fight
50%
Vs. System 1984 Vs. Clu Clu Land
50%
Vs. System 1985 Vs. Hogan's Alley
50%
Vs. System 1985 Vs. Mach Rider (Endurance Course)
50%
Vs. System 1985 Vs. Mach Rider (Fighting Course)
50%
Vs. System 1984 Vs. Wrecking Crew
50%
Game Boy 1994 Wario Land: Super Mario Land 3
50%
Famicom / NES 1994 Wario's Woods
50%
Super Famicom / SNES 1994 Wario's Woods
50%
Famicom / NES 1984 Wild Gunman
50%
Famicom / NES 1985 Wrecking Crew
50%
Famicom / NES 1992 Yoshi's Cookie
50%
Game Boy 1992 Yoshi's Cookie
50%
Famicom / NES 1985 10-Yard Fight
38%
Game & Watch: Wide Screen 1981 Chef
38%
Color TV-Game 1977 Color TV-Game 15
38%
Color TV-Game 1977 Color TV-Game 6
38%
Famicom / NES 1983 Donkey Kong Jr. Math
38%
Famicom / NES 1984 F-1 Race
38%
Game Boy 1990 F-1 Race
38%
Game Boy 1991 Kid Icarus: Of Myths and Monsters
38%
Super Famicom / SNES 1994 Kirby's Dream Course
38%
Famicom / NES 1985 Kung Fu
38%
Game & Watch: Tabletop 1983 Mario's Cement Factory
38%
Game & Watch: New Wide Screen 1983 Mario's Cement Factory
38%
Famicom / NES 1990 Mega Man 3
38%
Famicom / NES 1991 Mega Man 4
38%
Famicom / NES 1992 Mega Man 5
38%
Famicom / NES 1993 Mega Man 6
38%
Game & Watch: Wide Screen 1981 Mickey Mouse
38%
Game & Watch: Panorama 1984 Mickey Mouse
38%
Game & Watch: Wide Screen 1981 Octopus
38%
Game & Watch: Wide Screen 1981 Parachute
38%
Famicom / NES 1987 Rad Racer
38%
Famicom / NES 1985 Stack-Up
38%
Famicom / NES 1990 StarTropics
38%
PlayChoice-10 1990 Super C
38%
Super Famicom / SNES 1993 Super Mario All-Stars
38%
PlayChoice-10 1987 The Goonies
38%
Famicom / NES 1984 Urban Champion
38%
Vs. System 1984 Vs. Urban Champion
38%
Super Famicom / SNES 1993 Yoshi's Safari
38%
PlayChoice-10 1987 1942
25%
Famicom / NES 1989 Adventures of Lolo
25%
Famicom / NES 1990 Adventures of Lolo
25%
Game Boy 1994 Adventures of Lolo
25%
Game Boy 1989 Alleyway
25%
Game & Watch: Crystal Screen 1986 Climber
25%
Game & Watch: New Wide Screen 1988 Climber
25%
Color TV-Game 1978 Color TV-Game Racing 112
25%
PlayChoice-10 1989 Contra
25%
Famicom / NES 1987 Dance Aerobics
25%
Famicom / NES 1984 Devil World
25%
Game Boy 1994 Disney's Aladdin
25%
Game Boy 1990 DuckTales
25%
Game Boy 1993 DuckTales 2
25%
Famicom Disk System 1987 Famicom Grand Prix: F-1 Race
25%
Famicom / NES 1987 Faxanadu
25%
Famicom / NES 1992 Fire Emblem Gaiden
25%
Game & Watch: Silver 1980 Judge
25%
Super Famicom / SNES 1995 Kirby's Avalanche
25%
Game & Watch: Gold 1981 Lion
25%
Game Boy 1995 Mario's Picross
25%
Game Boy 1991 Mega Man II
25%
Game Boy 1992 Mega Man III
25%
Super Famicom / SNES 1993 Mega Man X
25%
Game Boy 1993 Ms. Pac-Man
25%
Famicom / NES 1990 NES Play Action Football
25%
PlayChoice-10 1989 Ninja Gaiden
25%
Famicom / NES 1990 Nintendo World Cup
25%
Game Boy 1991 Nintendo World Cup
25%
Game & Watch: Multi-Screen 1982 Oil Panic
25%
Famicom / NES 1984 Pac-Man
25%
Famicom / NES 1988 R.C. Pro-Am
25%
Super Famicom / SNES 1994 Secret of Mana
25%
Arcade 1979 Sheriff
25%
Super Famicom / SNES 1991 SimCity
25%
Famicom / NES 1987 Slalom
25%
Game & Watch: Tabletop 1983 Snoopy
25%
Super Famicom / SNES 1992 Super Scope 6
25%
Famicom / NES 1989 Super Spike V'Ball
25%
Super Famicom / SNES 1991 Super Tennis
25%
PlayChoice-10 1989 Teenage Mutant Ninja Turtles
25%
Super Famicom / SNES 1994 Tetris & Dr. Mario
25%
Famicom Disk System 1986 The Mysterious Murasame Castle
25%
Game & Watch: Wide Screen 1982 Turtle Bridge
25%
Vs. System 1986 Vs. Slalom
25%
Game Boy 1992 Wave Race
25%
Famicom / NES 1986 World Class Track Meet
25%
Game Boy 1992 X
25%
Famicom / NES 1994 Zoda's Revenge: StarTropics 2
25%
Arcade 1985 Arm Wrestling
13%
Super Famicom / SNES 1992 Battle Clash
13%
Famicom / NES 1993 Battletoads & Double Dragon
13%
Arcade 1978 Block Fever
13%
Arcade 1979 Bomb Bee N
13%
PlayChoice-10 1990 Chip 'n Dale: Rescue Rangers
13%
Famicom / NES 1989 Cobra Triangle
13%
Arcade 1979 Color Space Fever
13%
Arcade 1980 Cutie Q
13%
Game Boy 1993 Darkwing Duck
13%
Game & Watch: Panorama 1984 Donkey Kong Circus
13%
Famicom / NES 1988 Donkey Kong Classics
13%
Game & Watch: Micro Vs. 1984 Donkey Kong Hockey
13%
PlayChoice-10 1988 Double Dribble
13%
Famicom / NES 1986 Dragon Warrior
13%
Game & Watch: Wide Screen 1981 Egg
13%
Famicom Disk System 1988 Famicom Detective Club: The Missing Heir
13%
Famicom Disk System 1987 Famicom Fairytales: New Onigashima
13%
Famicom Disk System 1988 Famicom Grand Prix II: 3D Hot Rally
13%
PlayChoice-10 1989 Fester's Quest
13%
Game & Watch: Wide Screen 1982 Fire Attack
13%
Super Famicom / SNES 1994 Fire Emblem: Mystery of the Emblem
13%
Famicom / NES 1990 Fire Emblem: Shadow Dragon and the Blade of Light
13%
Game & Watch: Silver 1980 Flagman
13%
Game & Watch: Multi-Screen 1988 Gold Cliff
13%
Famicom Disk System 1987 Golf: Japan Course
13%
Famicom Disk System 1987 Golf: U.S. Course
13%
PlayChoice-10 1986 Gradius
13%
Game & Watch: Multi-Screen 1982 Green House
13%
Famicom / NES 1986 Gumshoe
13%
Arcade 1979 Head On N
13%
Arcade 1980 Heli Fire
13%
Game & Watch: Gold 1981 Helmet
13%
Super Famicom / SNES 1993 Illusion of Gaia
13%
Famicom / NES 1993 Joy Mech Fight
13%
Game Boy 1993 Kirby's Pinball Land
13%
Game & Watch: Gold 1981 Manhole
13%
Game & Watch: New Wide Screen 1983 Manhole
13%
Super Famicom / SNES 1993 Mario & Wario
13%
Game & Watch: Panorama 1983 Mario's Bombs Away
13%
PlayChoice-10 1992 Mario's Open Golf
13%
Famicom / NES 1991 Mario's Open Golf / NES Open Tournament Golf
13%
Game & Watch: New Wide Screen 1991 Mario the Juggler
13%
Game Boy 1991 Mega Man: Dr. Wily's Revenge
13%
Super Famicom / SNES 1993 Metal Combat: Falcon's Revenge
13%
Game & Watch: Multi-Screen 1982 Mickey & Donald
13%
Game Boy 1993 Mickey Mouse: Magic Wands!
13%
PlayChoice-10 1988 Mike Tyson's Punch-Out!!
13%
Arcade 1979 Monkey Magic
13%
PlayChoice-10 1990 Ninja Gaiden 2: The Dark Sword of Chaos
13%
PlayChoice-10 1992 Ninja Gaiden III: The Ancient Ship of Doom
13%
Super Famicom / SNES 1993 Pac-Attack
13%
Famicom / NES 1990 Pin Bot
13%
Game Boy 1990 Play Action Football
13%
Famicom / NES 1983 Popeye's English Game
13%
PlayChoice-10 1992 Power Blade
13%
Game Boy 1990 Qix
13%
Arcade 1980 Radar Scope
13%
PlayChoice-10 1990 Rad Racer II
13%
Game & Watch: Multi-Screen 1983 Rain Shower
13%
Game & Watch: Multi-Screen 1988 Safe Buster
13%
Arcade 1981 Sky Skipper
13%
Game & Watch: Wide Screen 1982 Snoopy Tennis
13%
Game Boy 1990 SolarStriker
13%
Arcade 1979 Space Fever
13%
Super Famicom / SNES 1994 Space Invaders
13%
Game Boy 1994 Space Invaders
13%
Arcade 1979 Space Launcher
13%
Game & Watch: Super Color 1984 Spitball Sparky
13%
Super Famicom / SNES 1994 Stunt Race FX
13%
Super Famicom / SNES 1991 Super Ghouls n' Ghosts
13%
Super Famicom / SNES 1994 Super Pinball: Behind the Mask
13%
Super Famicom / SNES 1992 Super Play Action Football
13%
Super Famicom / SNES 1991 Super Soccer
13%
PlayChoice-10 1989 Tecmo Bowl
13%
PlayChoice-10 1991 Teenage Mutant Ninja Turtles II: The Arcade Game
13%
Game Boy 1990 The Amazing Spider-Man
13%
Game Boy 1990 The Bugs Bunny Crazy Castle
13%
Game Boy 1991 The Bugs Bunny Crazy Castle 2
13%
Game Boy 1994 The Jungle Book
13%
Super Famicom / SNES 1994 The Lion King
13%
Game & Watch: New Wide Screen 1985 Tropical Fish
13%
Super Famicom / SNES 1994 Uniracers
13%
Game & Watch: Silver 1980 Vermin
13%
Vs. System 1986 Vs. Gradius
13%
Vs. System 1986 Vs. Gumshoe
13%
Vs. System 1984 Vs. Ladies Golf
13%
Vs. System 1986 Vs. The Goonies
13%
Famicom / NES 1984 4-Player Strike Mahjong
0%
Famicom / NES 1990 A Boy and His Blob: Trouble on Blobolonia
0%
Famicom / NES 1988 Anticipation
0%
Game Boy 1990 Atomic Punk
0%
Famicom Disk System 1990 Backgammon
0%
Famicom / NES 1990 Barker Bill's Trick Shooting
0%
PlayChoice-10 1990 Baseball Stars
0%
Super Famicom / SNES 1993 Battletoads in Battlemaniacs
0%
Game Boy 1993 Battletoads in Ragnarok's World
0%
Game & Watch: Multi-Screen 1985 Black Jack
0%
Game & Watch: Multi-Screen 1987 Bomb Sweeper
0%
Famicom / NES 1990 Boulder Dash
0%
Game Boy 1990 Boulder Dash
0%
Super Famicom / SNES 1993 Bubsy in: Claws Encounters of the Furred Kind
0%
Famicom / NES 1990 Burai Fighter
0%
Game Boy 1990 Burai Fighter Deluxe
0%
Famicom / NES 1990 Captain Skyhawk
0%
Famicom Disk System 1992 Clu Clu Land: Welcome to New Clu Clu Land
0%
Color TV-Game 1979 Color TV-Game Block Breaker
0%
Arcade 1978 Computer Othello
0%
Game & Watch: Super Color 1984 Crab Grab
0%
Super Famicom / SNES 1993 Disney's Aladdin
0%
Super Famicom / SNES 1994 Disney's The Jungle Book
0%
Game Boy 1992 Disney's The Little Mermaid
0%
Game Boy 1994 Elite Soccer
0%
Famicom Disk System 1989 Famicom Detective Club Part II: The Girl Who Stands Behind
0%
Famicom / NES 1988 Famicom Wars
0%
Game Boy 1991 Final Fantasy Adventure
0%
Super Famicom / SNES 1992 Final Fantasy Mystic Quest
0%
Game Boy 1991 Game Boy Wars
0%
Game Boy 1990 Gargoyle's Quest
0%
PlayChoice-10 1989 Gauntlet
0%
Famicom / NES 1983 Gomoku Narabe Renju
0%
Famicom / NES 1991 Isolated Warrior
0%
Famicom / NES 1990 Kabuki: Quantum Fighter
0%
Super Famicom / SNES 1994 Ken Griffey Jr. Presents Major League Baseball
0%
Famicom / NES 1990 Kickle Cubicle
0%
Super Famicom / SNES 1994 Kid Klown in Crazy Chase
0%
Famicom Disk System 1990 Knight Move
0%
Game Boy 1990 Kung-Fu Master
0%
Game Boy 1989 Kwirk
0%
Game & Watch: Multi-Screen 1983 Lifeboat
0%
Famicom / NES 1990 Little Nemo: The Dream Master
0%
Famicom / NES 1990 Low G Man: The Low Gravity Man
0%
Super Famicom / SNES 1995 Lufia II: Rise of the Sinistrals
0%
Game Boy 1992 Magnetic Soccer
0%
Famicom / NES 1983 Mahjong
0%
Game Boy 1990 Mercenary Force
0%
Game Boy 1991 Mickey's Dangerous Chase
0%
Famicom Disk System 1987 Miho Nakayama's Heart-Pounding High School
0%
Super Famicom / SNES 1992 NCAA Basketball
0%
Famicom / NES 1991 New 4-Player Strike Mahjong: Yakuman Heaven
0%
Super Famicom / SNES 1993 NHL Stanley Cup
0%
Game Boy 1992 Nigel Mansell's World Championship Racing
0%
Super Famicom / SNES 1993 Nigel Mansell's World Championship Racing
0%
Game Boy 1990 Othello
0%
Game Boy 1995 Pac-In-Time
0%
Super Famicom / SNES 1994 Pac-Man 2: The New Adventures
0%
Game Boy 1990 Penguin Wars
0%
Super Famicom / SNES 1993 Plok!
0%
Famicom / NES 1986 Pro Wrestling
0%
Game Boy 1990 Radar Mission
0%
Game Boy 1989 Revenge of the 'Gator
0%
PlayChoice-10 1992 Rockin' Kats
0%
Arcade 1987 R-Type
0%
Game Boy 1991 R-Type
0%
PlayChoice-10 1987 Rush'n Attack
0%
PlayChoice-10 1988 Rygar
0%
Arcade 1979 SF-HiSplitter
0%
Famicom / NES 1989 Short Order / Eggsplode!
0%
Game Boy 1990 Side Pocket
0%
Famicom Disk System 1987 Smash Table Tennis
0%
Famicom / NES 1990 Snake Rattle 'n' Roll
0%
Super Famicom / SNES 1994 Soccer Shootout
0%
Famicom / NES 1990 Solar Jetman: Hunt for the Golden Warship
0%
Famicom / NES 1990 Solstice: The Quest for the Staff of Demnos
0%
Arcade 1980 Space Firebird
0%
Game & Watch: Multi-Screen 1986 Squish
0%
Game Boy 1992 Star Wars
0%
Famicom / NES 1989 Stealth ATF
0%
Super Famicom / SNES 1994 Super Bomberman 2
0%
Famicom / NES 1990 Super Off Road
0%
Game Boy 1991 Super R.C. Pro-Am
0%
Super Famicom / SNES 1991 Super R-Type
0%
Super Famicom / SNES 1992 Super Star Wars
0%
Super Famicom / SNES 1994 Super Street Fighter II
0%
Famicom / NES 1987 Super Team Games
0%
Game Boy 1995 Tetris Blast
0%
Famicom / NES 1988 The Battle of Olympus
0%
Famicom / NES 1989 The Chessmaster
0%
Game Boy 1991 The Chessmaster
0%
Game Boy 1992 The Frog For Whom the Bell Tolls
0%
Super Famicom / SNES 1994 The Great Circus Starring Mickey & Minnie
0%
Famicom / NES 1988 The Guardian Legend
0%
Super Famicom / SNES 1993 The Lost Vikings
0%
Super Famicom / SNES 1992 The Magical Quest Starring Mickey Mouse
0%
Game Boy 1990 The Rescue of Princess Blobette
0%
Famicom Disk System 1988 The Return of Mario Bros.
0%
Game Boy 1993 The Smurfs
0%
Super Famicom / SNES 1994 Tin Star
0%
Famicom / NES 1989 Top Players' Tennis
0%
Game Boy 1993 Top Rank Tennis
0%
Famicom / NES 1989 To the Earth
0%
Famicom / NES 1987 Trio of the Galaxy
0%
PlayChoice-10 1987 Trojan
0%
Super Famicom / SNES 1993 Vegas Stakes
0%
Vs. System 1984 Vs. Mahjong
0%
Vs. System 1985 Vs. Raid on Bungeling Bay
0%
Game Boy 1994 Wario Blast Featuring Bomberman!
0%
Game Boy 1991 Who Framed Roger Rabbit?
0%
Game Boy 1990 Wizards & Warriors X: The Fortress of Fear
0%
Game Boy 1989 Yakuman
0%
PlayChoice-10 1991 Yo! Noid
0%
No matching quizzes found
Score Distribution
Percent of People with Each Score
Percentile by Number Answered
Your Score History
You have not taken this quiz